El lado oculto del Dictador
Uloženo v:
| Hlavní autor: | |
|---|---|
| Médium: | Kniha |
| Jazyk: | španělština |
| Vydáno: |
Santiago
Mercosur Ediciones
2011
|
| Vydání: | 1a. ed |
| Témata: | |
| Tagy: |
Přidat tag
Žádné tagy, Buďte první, kdo vytvoří štítek k tomuto záznamu!
|
MARC
| LEADER | 00000cam a2200000 a 4500 | ||
|---|---|---|---|
| 001 | UCG8265 | ||
| 003 | CL-VaPUC | ||
| 008 | 111202e20110000CL |||||||||||||||||spa|d | ||
| 082 | 0 | 4 | |a Ch863 |b SAA |2 21 |
| 100 | 0 | |a Saavedra Pinochet, Rafael |e author |9 559220 | |
| 245 | 1 | 3 | |a El lado oculto del Dictador |
| 250 | |a 1a. ed | ||
| 300 | |a 212 p | ||
| 942 | |c BK | ||
| 945 | |d 20111202 00:00:00 |a cmena | ||
| 260 | |a Santiago |b Mercosur Ediciones |c 2011 | ||
| 600 | 0 | |a Pinochet Ugarte, Augusto, |e 1915-2006 |9 374419 | |
| 650 | 0 | |a Novelas chilenas |9 265425 | |
| 650 | 0 | |a Crónicas chilenas |9 321511 | |
| 650 | 7 | |a MEMORIAS |2 CL-VaPUC |9 269159 | |
| 583 | |a last modification |c 20111202 14:14:00 |k Rodrigo Vera | ||
| 999 | |c 345885 |d 345883 | ||
| 952 | |0 0 |1 0 |4 0 |6 CH_863_000000000000000_SAA_2011 |7 0 |8 A |9 446256 |a BIBHIS |b BIBHIS |d 2019-11-22 |i 4808177 |o Ch863 SAA 2011 |p 4808177 |r 2025-01-20 |w 2019-11-22 |y BK |k HIS | ||